MLB The Show 21 Soundtrack - Statistics

General Stats
  • This quiz has been taken 5 times
  • The average score is 2 of 15
Answer Stats
Hint Answer % Correct
AC/DC Shot in the Dark
60%
Future Islands For Sure
40%
Onyx Slam
40%
Gorillaz The Valley of the Pagans
20%
The Strokes Brooklyn Bridge to Chorus
0%
Michael Brun Destemperado
0%
Ozuna El Oso Del Dinero
0%
Relaye Long Time Coming
0%
Foo Fighters Making a Fire
0%
Royal Blood Oblivion
0%
Big K.R.I.T. Pick Up the Pace
0%
The Avalanches Take Care in your Dreaming
0%
Run the Jewels the ground below
0%
Abstract Rude The Solution
0%
Songhoy Blues Worry
0%
No matching quizzes found
Score Distribution
Percent of People with Each Score
Percentile by Number Answered
Your Score History
You have not taken this quiz